Taxman's direct taxes : (Record no. 67406)

MARC details
000 -LEADER
fixed length control field 00695nam a22001817a 4500
005 - DATE AND TIME OF LATEST TRANSACTION
control field 20120601121520.0
020 ## - INTERNATIONAL STANDARD BOOK NUMBER
International Standard Book Number 8171942288
Terms of availability 325.00
035 ## - SYSTEM CONTROL NUMBER
System control number B-28050
037 ## - SOURCE OF ACQUISITION
Stock number DPL
Source of stock number/acquisition ENG
100 ## - MAIN ENTRY--PERSONAL NAME
Personal name Singhania, Vinod K.
245 ## - TITLE STATEMENT
Title Taxman's direct taxes :
Remainder of title law and practice /
Statement of responsibility, etc by Vinod K. Singhania, Kapil Singhania and Monika Singhania
260 ## - PUBLICATION, DISTRIBUTION, ETC. (IMPRINT)
Place of publication, distribution, etc New Delhi
Name of publisher, distributor, etc Taxman Publicatons
Date of publication, distribution, etc 2000
300 ## - PHYSICAL DESCRIPTION
Extent various pages
Dimensions 22 cms.
700 ## - ADDED ENTRY--PERSONAL NAME
Personal name Singhania, Kapil
9 (RLIN) 48296
700 ## - ADDED ENTRY--PERSONAL NAME
Personal name Singhania, Monika
9 (RLIN) 48297
942 ## - ADDED ENTRY ELEMENTS (KOHA)
Source of classification or shelving scheme Dewey Decimal Classification
Item type English Books
Classification part 343.055
Call number suffix SIN
Holdings
Withdrawn status Lost status Not for loan Collection code Home library Current library Date acquired Cost, normal purchase price Full call number Barcode Cost, replacement price Koha item type
      Non-fiction Sarojini Nagar Sarojini Nagar 01/06/2012 325.00 343.055 SIN B-28050 325.00 English Books

© Delhi Public Library
Hit Counter
free hit counter